| 000 | 00597 a2200181 4500 | ||
|---|---|---|---|
| 999 |
_c7701 _d7701 |
||
| 010 | _aENG-88146 | ||
| 020 |
_c425.00 _a8171164210 |
||
| 035 | _aEN-71679 | ||
| 037 | _bDBAD / PUB | ||
| 082 | 1 | 4 | _a355.33042 |
| 100 | _aAulakh, Gurcharan Singh | ||
| 245 | 1 |
_aSikh generals and gallant warriors/ _cby Gurcharan Singh Aulakh |
|
| 260 |
_aNew Delhi _bNational Book Shop _c2006 |
||
| 270 |
_aPleasure Garden Market, Chandni Chowk, _bDelhi _e110 006 |
||
| 300 |
_a416p. _c22cm(Hb) _bcol. photos |
||
| 500 | _aIncludes bibliographical references | ||
| 942 |
_adpl _cEN _2ddc _h355.33042 _mAUL |
||